ბათუმის შოთა რუსთაველის სახელმწიფო უნივერსიტეტის ბიბლიოთეკა

ტელეკომუნიკაციების ქსელები : (ბიბ.ჩანაწერი № 58042)

000 -ლიდერი
ფიქსირებული სიგრძის საკონტროლო ველი 01501nam a22002057a 4500
003 - საკონტროლო ნომრის იდენტიფიკატორი
საკონტროლო ველი Ge_BSU
005 - ბოლო ოპერაციის თარიღი და დრო
საკონტროლო ველი 20210519111050.0
008 - ფიქსირებული სიგრძის მონაცემთა ელემენტები - ზოგადი ინფორმაცია
ფიქსირებული სიგრძის საკონტროლო ველი 210519s2002 ge ||||| |||| 00| 0 geo d
041 ## - ენის კოდი
Language code of text/sound track or separate title geo
080 ## - უნივერსალური ათობითი კლასიფიკაციის ინდექსი
Universal Decimal Classification number 621.395(02) ქ - 44
100 ## - მთავარი ჩანაწერი - პიროვნების სახელი
Personal name ქვრივიშვილი, რ.
9 (RLIN) 1124
245 ## - ცნობა სათაურის შესახებ
Title ტელეკომუნიკაციების ქსელები :
Remainder of title ნაწილი 1, 2 (ლექციების კონსპექტი) /
Statement of responsibility, etc რ. ქვრივიშვილი, ბ. გიორგაძე; საქართველოს ტექნიკური უნივერსიტეტი, ტელეკომუნიკაციური ქსელებისა და საკომუტაციო სისტემების კათედრა.
264 ## - წარმოების, გამოცემის, დისტრიბუციის და სხვა ცნობები
გამოცემის, წარმოების, დისტრიბუციის... ადგილი (თბ. :
გამოცემის, წარმოების, დისტრიბუციის... სახელწოდება [ ტექნიკური უნივერსიტეტი ],
გამოცემის, წარმოების, დისტრიბუციის... თარიღი 2002.
300 ## - ფიზიკური აღწერა
Extent 91 გვ.
Other physical details ნახ.
Dimensions 20 სმ.
653 ## - INDEX TERM--UNCONTROLLED
Uncontrolled term ტელეკომუნიკაციები
653 ## - INDEX TERM--UNCONTROLLED
Uncontrolled term საკომუტაციო სისტემები
700 ## - ADDED ENTRY--PERSONAL NAME
Personal name გიორგაძე, ბ.
Relator term ავტორი
9 (RLIN) 1122
710 ## - ADDED ENTRY--CORPORATE NAME
Corporate name or jurisdiction name as entry element საქართველოს ტექნიკური უნივერსიტეტი
Subordinate unit ტელეკომუნიკაციური ქსელებისა და საკომუტაციო სისტემების კათედრა.
9 (RLIN) 11842
942 ## - ADDED ENTRY ELEMENTS (KOHA)
Source of classification or shelving scheme
Koha item type წიგნი
ეგზემპლარები
ჩამოწერის სტატუსი დაკარგული ეგზემპლარის სტატუსი კლასიფიკაციის წყარო ან თაროზე გაწყობის სქემა დაზიანების სტატუსი არ გაიცემა მუდმივი მდებარეობა (დაცვის ადგილი) ამჟამინდელი ადგილსამყოფელი თაროზე განთავსების ადგილი შეძენის თარიღი ღირებულება, შესყიდვის ნორმალური ფასი სრული შენახვის შიფრი შტრიხკოდი ბოლო ოპერაციის თარიღი ეგზემპლარის მიმდევრობითი ნომერი (კეტერი?) ფასის ძალაში შესვლის თარიღი ეგზემპლარის სახეობა საჯარო შენიშვნა
          ტექნოლოგიური ფაკულტეტის ბიბლიოთეკა ტექნოლოგიური ფაკულტეტის ბიბლიოთეკა წიგნსაცავი 2021-05-19 5.00 621.395(02) ქ - 44 61336 2021-05-19 61336 2021-05-19 წიგნი 5.00